00225nam a2200097Ia 4500008004100000082001500041100002100056245002000077260001800097600001200115241002s9999 xx 000 0 und d a940.53 RIJ aRijan, Cornelius 4aThe Last Battle aLondon:c1966 aHistory